Online Catalogue and eLibrary

Tales of the filipino working women (Record no. 2700)

MARC details
000 -LEADER
fixed length control field 00391nam a2200145Ia 4500
005 - DATE AND TIME OF LATEST TRANSACTION
control field 20240426061714.0
008 - FIXED-LENGTH DATA ELEMENTS--GENERAL INFORMATION
fixed length control field 240331s9999 xx 000 0 und d
082 ## - DDC Classification
Item Number - Author Mark TAL
Class No. 331.4
245 #0 - TITLE STATEMENT
Title Tales of the filipino working women
Statement of responsibility, etc. Committee for Asian women
260 ## - PUBLICATION, DISTRIBUTION, ETC.
Place of publication, distribution, etc. Hong kong
Name of publisher, distributor, etc. Committee for Asian Women
Date of publication, distribution, etc. 1984
300 ## - PHYSICAL DESCRIPTION
Extent (e.g. Volumes, Pages etc.) 68, p .,
650 ## - SUBJECT ADDED ENTRY--TOPICAL TERM
Topical term or geographic name entry element Women
650 ## - SUBJECT ADDED ENTRY--TOPICAL TERM
Topical term or geographic name entry element Political
942 ## - Koha item type (Biblio)
Koha item type Books in Stacks (Lending)
Holdings
Lost status Damaged status Collection code Home library Current library Shelving location Date acquired Full call number Accession Number Item type
    Lending WERC Library WERC Library Social Science Cupboard 03/31/2024 331.4 TAL 47 Books in Stacks (Lending)

© WERC Library